Marsilii de Inghen Quaestiones super quattuor libros "Sententiarum" : Super tertium, quaestiones 1-5 /
This edition contains quaestiones 1-5 of book III of the commentary on the Sentences, by Marsilius of Inghen (†1396), the founding rector and first doctor of theology of the University of Heidelberg. These questions are devoted to the Christology, Mariology, and Trinitology, and deal with the issue...
المؤلفون الرئيسيون: ,
التنسيق: كتاب الكتروني
اللغة: English
منشور في:
Leiden ; Boston :
Brill,
2023.
سلاسل:
Early Modern History and Modern History E-Books Online, Collection 2023.
Studies in the History of Christian Traditions ;
199.
الموضوعات:
الوصول للمادة أونلاين: Login to view Source
الوسوم: إضافة وسم
رقم الطلب: B721
| LEADER | 02450nam a22004938i 4500 | ||
|---|---|---|---|
| 001 | BRILL9789004536555 | ||
| 003 | nllekb | ||
| 005 | 20240715181401.0 | ||
| 006 | m d | ||
| 007 | cr un uuuua | ||
| 008 | 230131s2023 gw sb 001 0 eng d | ||
| 020 | |a 9789004423237 |q (print) | ||
| 020 | |a 9789004536555 |q (electronic book) | ||
| 024 | 7 | |a 10.1163/9789004536555 |2 DOI | |
| 035 | |z (OCoLC)1350763250 | ||
| 040 | |a NL-LeKB |c NL-LeKB |e rda | ||
| 041 | |a eng | ||
| 050 | 4 | |a B721 | |
| 072 | 7 | |a HPC |2 bicssc | |
| 072 | 7 | |a PHI |x 016000 |2 bisacsh | |
| 082 | 0 | 4 | |a 189 |2 23 |
| 100 | 1 | |a Wojtczak, Hanna, |e author. | |
| 245 | 1 | 0 | |a Marsilii de Inghen Quaestiones super quattuor libros "Sententiarum" : |b Super tertium, quaestiones 1-5 / |c Hanna Wojtczak and Maciej Stanek. |
| 264 | 1 | |a Leiden ; |a Boston : |b Brill, |c 2023. | |
| 264 | 4 | |c ©2023 | |
| 300 | |a 1 online resource | ||
| 336 | |a text |b txt |2 rdacontent | ||
| 337 | |a computer |b c |2 rdamedia | ||
| 338 | |a online resource |2 rdacarrier | ||
| 490 | 1 | |a Early Modern History and Modern History E-Books Online, Collection 2023 | |
| 490 | 1 | |a Studies in the History of Christian Traditions ; |v 199 | |
| 504 | |a Includes bibliographical references and index. | ||
| 520 | |a This edition contains quaestiones 1-5 of book III of the commentary on the Sentences, by Marsilius of Inghen (†1396), the founding rector and first doctor of theology of the University of Heidelberg. These questions are devoted to the Christology, Mariology, and Trinitology, and deal with the issue of the Incarnation of Christ, with quaestiones 1-3 considering it in relation to the individual Persons of the Trinity, and quaestiones 4-5 in relation to the Blessed Virgin Mary. In all questions, Marsilius advocates the via media of sound faith, even above any school traditions. | ||
| 546 | |a English | ||
| 588 | |a Description based on print version record. | ||
| 650 | 0 | |a Medieval Philosophy. | |
| 650 | 0 | |a Religious Studies. | |
| 700 | 1 | |a Stanek, Maciej, |e author. | |
| 776 | 0 | 8 | |i Print version: |t Marsilii de Inghen Quaestiones super quattuor libros "Sententiarum" : Super tertium, quaestiones 1-5. |d Leiden ; Boston : Brill, 2023. |z 9789004423237 |
| 830 | 0 | |a Early Modern History and Modern History E-Books Online, Collection 2023. | |
| 830 | 0 | |a Studies in the History of Christian Traditions ; |v 199. | |
| 856 | 4 | |z DOI: |u http://dx.doi.org/10.1163/9789004536555 | |
| 942 | |2 lcc |c EBOOK | ||
| 999 | |c 58786 |d 58786 | ||
